| 000 | 00945nam0a22002531 4500 | ||
|---|---|---|---|
| 001 | rc\323670 | ||
| 005 | 20030307122350.6 | ||
| 010 |
_a5-7966-0015-X _930000 |
||
| 035 | _a(NLR Aleph) 005557790 | ||
| 090 |
_a5878849 _c5878849 |
||
| 100 | _a20030307d1989 u |0rusy50 ca | ||
| 101 | 0 | _arus | |
| 102 | _aRU | ||
| 105 | _aa ||||||||| | ||
| 200 | 1 |
_aРига под Ригой _eРассказ археолога об исчезнувших постройках древней Риги _e[Пер. с латыш.] _fАН ЛатвССР, Ин-т истории |
|
| 210 |
_aРига _cЗинатне _d1989 |
||
| 215 |
_a134, [2] с., [4] л. ил. _cил. _d20 |
||
| 300 | _aПеред вып. дан. авт.: Андрис Валдемарович Цауне | ||
| 700 | 1 |
_aЦауне _bА. В. _gАндрис Волдемарович |
|
| 801 | 0 |
_aRU _bNLR _gpsbo |
|
| 801 | 1 |
_aRU _bELAR _2rusmarc |
|
| 852 |
_aNLR _j89-3/9439 |
||
| 942 | _cBOOK | ||
| 980 | _aNB | ||